000 00671nam a2200229 i 4500
001 66619
003 ES-MaACL
005 20230906165734.0
007 t|
008 020509s2001 sp ||||0| spa d
020 _a84-8190-200-4
040 _aM-BN
_bspa
_cM-BN
080 _a821.134.2-14"19"
100 1 _aFerrere, María Salud.
_950534
245 1 3 _aEl amor de Butterfly /
_cMaría Salud Ferrere.
250 _a1ª ed.
260 _aVigo :
_bCardeñoso,
_c2001.
300 _a95 p. ;
_c21 cm.
490 0 _aPoesía ;
_v8
830 0 _aPoesía (Ediciones Cardeñoso) ;
_v8.
_9123909
852 _aES-MaACL
_jL-27116
_bR.132667
_q. - Ded. autográf. de la autora
999 _c66619
_d66619